LEADER 01493cam0-22005051i-450- 001 990007694650403321 005 20121217141914.0 010 $a88-15-00011-9 035 $a000769465 035 $aFED01000769465 035 $a(Aleph)000769465FED01 035 $a000769465 100 $a20030814d1978----km-y0itay50------ba 101 1 $aita$ceng 102 $aIT 105 $ay-------001yy 200 1 $a<>sistema giuridico nella prospettiva delle scienze sociali$fLawrence M. Friedman$g[introduzione all'edizione italiana di Giovanni Tarello]$gtraduzione di Giovanni Tarello 210 $aBologna$cil Mulino$d1978 215 $a553 p.$d21 cm 225 1 $aCollezione di testi e di studi$iDiritto 454 0$12001$a<>legal system$922030 610 0 $aDiritto$aAspetti sociali 610 0 $aControllo$aMetodi normativi 676 $a340.115 676 $a303.37 700 1$aFriedman,$bLawrence M.$033180 702 1$aTarello,$bGiovanni 801 0$aIT$bUNINA$gRICA$2UNIMARC 901 $aBK 912 $a990007694650403321 952 $a19-I-237$b2081$fDDCP 952 $aSDI-2S 9$b2372$fSDI 952 $a5,4-148$fDSPCP 952 $a340.115 FRI 1$b4838$fBFS 952 $aXI N 256$b7921*$fFGBC 952 $aDP VI-194$b6094$fDEC 952 $aPecoraro Albani F67$b6191$fDSPCP 959 $aDDCP 959 $aDSPCP 959 $aSDI 959 $aBFS 959 $aFGBC 959 $aDEC 996 $aLegal system$922030 997 $aUNINA LEADER 00981nam0 2200253 450 001 000016440 005 20190227115743.0 100 $a20080924d1926----km-y0itay50------ba 101 0 $aeng 102 $aUS 105 $ay-------001yy 200 1 $aAmerican practical navigator$ean epitome of navigation and nautical astronomy$foriginally by Nathaniel Bowditch, published by the United States Hydrographyc Office under the authority of the Secretary of the Navy 210 $aWashington$cGovernment printing office$d1929 215 $a849 p.$cill.$d26 cm 300 $aIn testa al front.: N. 9 610 1 $aAstronomia nautica 676 $a527$v20$9Navigazione astronomica 702 1$aBowditch,$bNathaniel 710 02$aSecretary of the Navy: United States Hydrographyc Office$0631931 801 0$aIT$bUNIPARTHENOPE$c20080924$gRICA$2UNIMARC 912 $a000016440 951 $aDEP I-0365$b13$cNAVA4$d2008 996 $aAmerican practical navigator$91201937 997 $aUNIPARTHENOPE